| 000 | 02444cam a2200565 a 4500 | ||
|---|---|---|---|
| 008 | |||
| 020 | _a0471526789 (hbk.) | ||
| 049 | _aMAIN | ||
| 090 |
_aREF TP9 _bENC |
||
| 245 | 0 | 0 | _aEncyclopedia of chemical technology. |
| 250 |
_a3rd ed / _bexecutive editor: Jacqueline I. Kroschwitz ; editor: Mary Howe-Grant. |
||
| 260 |
_aNew York ; _aChichester : _bWiley. |
||
| 300 |
_axxviii, 1022 p. : _bill. ; _c26 cm. |
||
| 500 | _aVol.2. Alkoxides,metal to antibiotics,peptides. | ||
| 500 | _aVol.3 Antibiotics(phenazines) tobleaching agents. | ||
| 500 | _aVol.4.Blood,coagulants and anticoagulants to cardiovascular agents. | ||
| 500 | _aVol.5.Castor oil to chlorosulfuric acid. | ||
| 500 | _aVol.6.Chocolate and cocoa to copper. | ||
| 500 | _aVol.7.Copper alloys to distillation. | ||
| 500 | _aVol.8.Diuretics to emulsions. | ||
| 500 | _aVol.9.Enamels to ferrites. | ||
| 500 | _aVol.10.Explosives and propellants to flame retardants for textiles. | ||
| 500 | _aVol.11.Fluorine compounds, organic to gold and gold compounds. | ||
| 500 | _aVol.12.Gravity concentration to hydrogen energy. | ||
| 500 | _aVol.13.Hydrogen-ion activity to laminated materials, glass. | ||
| 500 | _aVol.14.Laminated wood -based composites to mass transfer. | ||
| 500 | _aVol.15.Matches to N-Nitrosamines. | ||
| 500 | _aVol. 16. Noise pollution to perfumes. | ||
| 500 | _aVol.17.Peroxides and peroxy compounds, inorganic to piping systems. | ||
| 500 | _aVol.18.Plant growth substances to potassium compounds. | ||
| 500 | _aVol.19.Powder coatings to recycling (rubber). | ||
| 500 | _aVol. 20. Refactories to silk. | ||
| 500 | _aVol.21.Silver and silver alloys to sulfolanes and sulfones. | ||
| 500 | _aVol. 22. Sulfonation and sulfation to thorium and thorium compounds. | ||
| 500 | _aVol.23.Thyroid and antithyroid preparations to vinyl polymers. | ||
| 500 | _aVol. 24.Vitamins to Zone Refining | ||
| 500 | _aIndex to Volumes 1-24 and supplement. | ||
| 650 | 0 |
_aChemistry, Technical _xEncyclopedias. |
|
| 653 | 0 | _aChemical engineering | |
| 700 | 1 | _aKirk, Raymond E. | |
| 700 | 1 | _aOthmer, Donald F. | |
| 700 | 1 | _aKroschwitz, Jacqueline I. | |
| 700 | 1 | _aHowe-Grant, Mary. | |
| 740 | 0 | _aKirk-Othmer encyclopedia of chemical technology. | |
| 907 |
_a.b10025777 _b29-03-12 _c17-04-03 |
||
| 003 | |||
| 005 | 20230120191414.0 | ||
| 040 | _cNUST | ||
| 942 |
_cBOOKS _kREF TP9 _mENC |
||
| 999 |
_c100569 _d100569 |
||